[Event "SRB-chT Women 1st League 2019"]
[Site "Subotica"]
[Date "2019.08.22"]
[Round "1"]
[White "Gaponenko, Inna"]
[Black "Nestorovic, Katarina"]
[Result "0-1"]
[WhiteElo "2446"]
[BlackElo "2159"]
[Annotator "TA"]
[PlyCount "68"]
[EventDate "2019.08.23"]
[EventType "team-tourn"]
[EventCountry "SRB"]
[SourceTitle "playchess.com"]
[Source "ChessBase"]
[SourceQuality "1"]

{[%evp 15,68,27,46,5,10,16,23,0,30,44,35,28,47,39,27,-14,-16,0,-12,-16,303,-40,-30,-73,20,18,89,96,81,79,255,214,227,194,206,193,208,137,131,114,106,114,120,105,101,45,138,96,115,74,82,-9,-18,-335,-339]} 1. e4 c5 2. Nf3 e6 3. c3 Nf6 4. e5 Nd5 5. Bc4 Nc6 6. d4 cxd4 7. cxd4 Nb6 8. Bb3 d6 9. Bd2 {B22: Sicilian: 2 c3} (9. O-O dxe5 10. dxe5 Qxd1 11. Rxd1 Bd7 12. Be3 Na5 13. Nbd2 Be7 14. Rac1 Nxb3 15. Nxb3 Nd5 16. Nc5 b6 17. Nxd7 Kxd7 18. Kf1 Rhc8 19. Ke2 Rxc1 20. Rxc1 {½-½ (46) Andreikin,D (2720)-Korobov,A (2700) Baku 2015}) 9... Be7 10. O-O O-O 11. Nc3 {White has an edge.} Na5 12. exd6 Bxd6 13. Bc2 Be7 14. Bf4 Nd5 15. Bg3 $146 ({Predecessor:} 15. Nxd5 Qxd5 16. Re1 Nc6 17. Qd3 g6 18. Bb3 Qd8 19. Bh6 Re8 20. Rad1 Bf6 {1-0 (43) Schandorff,L (2430)-Thorhallsson,T (2470) Valby 1994}) 15... b6 16. Nxd5 Qxd5 17. b4 Bb7 $2 {[%mdl 8192]} (17... Nc4 $11) 18. Re1 $2 (18. Qd3 $18 {[%csl Gc2][%cal Rd3h7]} g6 19. bxa5) 18... Nc4 $15 19. Rc1 {Threatens to win with Be4.} Rac8 ({Black should try} 19... b5 $1 $17) 20. Be4 $40 {[%mdl 128] White has some attack.} Qd7 {[#]} (20... Qxe4 $1 $11 21. Rxe4 Bxe4) 21. Rxc4 $1 $16 {[%mdl 576] Remove Defender, Decoy} Rxc4 22. Ne5 $1 {[%csl LRc4,LRd7][%mdl 64] Double Attack} Qb5 $2 (22... Qxd4 $16 {might work better.} 23. Bxb7 Qxd1 24. Rxd1 Rc7) 23. Bxb7 $18 Rc3 24. a4 Qxb4 25. Nc6 Qa3 26. Qa1 Bf6 27. Qxa3 Rxa3 28. Bd6 Rxa4 29. Bxf8 Kxf8 30. Kf1 (30. d5 $16) 30... b5 ({Better is} 30... Bxd4 $14 31. Rd1 (31. Nxd4 Rxd4 32. Ra1 a5 $14) 31... Bf6) 31. Ke2 b4 32. Rd1 Ra2+ 33. Rd2 (33. Kd3 $16) 33... b3 $11 34. Ne5 $2 {[%mdl 8192] [#]} (34. Nb4 $1 $11 {and White stays safe.} Ra3 35. Be4) 34... Bg5 $1 {Accuracy: White = 37%, Black = 40%.} 0-1

[Event "SRB-chT Women 1st League 2019"]
[Site "Subotica"]
[Date "2019.08.22"]
[Round "1"]
[White "Rapport, Jovana"]
[Black "Batsiashvili, Nino"]
[Result "1/2-1/2"]
[WhiteElo "2370"]
[BlackElo "2416"]
[Annotator "TA"]
[PlyCount "86"]
[EventDate "2019.08.23"]
[EventType "team-tourn"]
[EventCountry "SRB"]
[SourceTitle "playchess.com"]
[Source "ChessBase"]
[SourceQuality "1"]

{[%evp 9,86,0,8,1,34,34,33,33,26,30,26,18,21,19,30,35,34,33,40,32,49,32,43,42,33,28,26,0,0,0,124,0,149,-2,125,-2,135,-9,120,0,128,0,0,0,78,68,68,68,68,68,68,53,53,38,53,53,53,53,68,32,180,175,185,185,200,185,177,125,218,195,247,239,1141,0,224,0,1088,0,185]} 1. d4 Nf6 2. Nf3 e6 3. Bf4 d5 4. e3 Bd6 5. Be2 (5. Bxd6 cxd6 6. c4 O-O 7. Nc3 dxc4 8. Bxc4 d5 9. Bd3 Nc6 10. O-O Qd6 11. Rc1 Bd7 12. Nb5 Qb8 13. a3 Rc8 {1-0 (48) Nabaty,T (2669)-Korobov,A (2699) Israel 2019}) 5... Bxf4 6. exf4 {D02: 1 d4 d5 2 Nf3 sidelines, including 2...Nf6 3 g3 and 2...Nf6 3 Bf4} c5 7. dxc5 Qa5+ 8. c3 {White is slightly better.} Qxc5 9. Nbd2 {[%cal Bb1d2,Bd2b3,Bb3d4][%mdl 32]} O-O 10. Nb3 $146 ({Predecessor:} 10. O-O Nc6 11. Ne5 Nd7 12. Nxd7 Bxd7 {½-½ (30) Palencia Morales,G (2266)-Guerrero Vargas,A (2296) Caracas 2015}) 10... Qc7 11. g3 Bd7 12. Nbd4 Nc6 13. O-O Rac8 14. Re1 Rfe8 15. Rc1 Nxd4 16. Qxd4 Qa5 17. a3 Bb5 18. Qb4 Qxb4 19. axb4 a6 (19... Bxe2 $11 20. Rxe2 a6) 20. Nd4 ({Only move:} 20. Bxb5 $16 axb5 21. Nd4) 20... Nd7 (20... Bxe2 $11 21. Rxe2 g6) 21. Rcd1 $2 {[#]} (21. Nxb5 $16 axb5 22. Bxb5) 21... g6 (21... Bxe2 $11 22. Rxe2 g6) 22. h4 (22. Bxb5 $16 axb5 23. Ra1 (23. Nxb5 Red8 $16)) 22... h5 (22... Bxe2 $11 23. Rxe2 Nf6) 23. Kg2 (23. Nxb5 $16 {Hoping for Nd6.} axb5 24. Ra1 (24. Bxb5 Red8 $16)) 23... Nb8 (23... Bxe2 $11 24. Rxe2 Nb6) 24. Kf3 (24. Bxb5 $16 axb5 25. Nxb5) 24... Nc6 (24... Bxe2+ $11 {keeps the balance.} 25. Kxe2 Kg7) 25. Nxc6 ({Much weaker is} 25. Bxb5 $6 Nxd4+ 26. Rxd4 axb5 $11) (25. Nxb5 $16 axb5 26. Ra1 (26. Bxb5 Red8 $16)) 25... bxc6 $11 26. Ra1 Ra8 (26... c5 $11 {remains equal.}) 27. Ke3 Kf8 28. Kd4 Bxe2 29. Rxe2 $14 {[%mdl 4096] Endgame KRR-KRR} Ke7 30. b3 Reb8 31. Ra5 Kd6 32. Rea2 Rb6 33. R2a4 f6 34. c4 {Threatens to win with c5+.} e5+ {[#]} (34... Rxb4 $1 $14 35. Rxb4 c5+ 36. Rxc5 e5+ 37. fxe5+ fxe5+ 38. Kc3 Kxc5) 35. Kc3 $1 $18 {aiming for c5+.} Rb7 36. c5+ ({Not} 36. Rxa6 d4+ 37. Kc2 Rxa6 $11) 36... Ke6 37. Rxa6 Rc8 38. Ra7 ({White should play} 38. Ra8 $18 Rxa8 39. Rxa8) 38... d4+ (38... Rxa7 $16 {was necessary.} 39. Rxa7 exf4) 39. Kd3 Rcb8 (39... Rcc7 $142 40. Ra8 exf4) 40. Kc4 Rd8 $2 (40... Kf5 41. fxe5 fxe5) 41. Kd3 $2 (41. Rxb7 d3 42. Ra1) 41... Rdb8 $1 42. Kc4 $2 (42. Rxb7 Rxb7 43. fxe5 fxe5 44. Kc4) 42... Rd8 $1 43. Kd3 $2 (43. Rxb7 g5 44. Rc7) 43... Rdb8 $1 {Accuracy: White = 28%, Black = 41%.} 1/2-1/2

[Event "SRB-chT Women 1st League 2019"]
[Site "Subotica"]
[Date "2019.08.22"]
[Round "1"]
[White "Doluhanova, Evgeniya"]
[Black "Atalik, Ekaterina"]
[Result "0-1"]
[WhiteElo "2305"]
[BlackElo "2456"]
[Annotator "TA"]
[PlyCount "132"]
[EventDate "2019.08.23"]
[EventType "team-tourn"]
[EventCountry "SRB"]
[SourceTitle "playchess.com"]
[Source "ChessBase"]
[SourceQuality "1"]

{[%evp 17,132,0,0,0,0,0,0,0,0,0,0,-1,0,0,10,7,29,18,17,30,51,-7,-12,-14,20,-11,-12,-13,-16,-21,-12,-14,-15,-40,-26,-57,-9,-2,-2,-5,0,0,0,-36,-20,-27,0,0,0,-94,-101,-100,-112,-124,-129,-127,-112,-112,-112,-112,-110,-116,-110,-155,0,0,0,0,0,0,0,0,0,0,0,0,0,0,0,0,0,0,0,0,0,-763,-621,-2288,-2042,-2288,-2009,-1781,-1654,-1531,29969,-606,-588,-29967,-29969,-29969,-29970,-29973,-29974,-29975,-29976,-29976,-29977,-29977,-29978,-29978,-29979,-29979,-29980,-29980,-29981,-29980,-29977]} 1. e4 e5 2. Nf3 Nc6 3. Nc3 Nf6 4. d4 exd4 5. Nxd4 Bb4 6. Nxc6 bxc6 7. Bd3 d5 8. exd5 cxd5 9. O-O O-O 10. h3 {C47: Scotch Four Knights and Four Knights with 4 g3} (10. Bg5 c6 11. Qf3 Bd6 12. Rae1 Rb8 13. Nd1 h6 14. Bxf6 Qxf6 15. Qxf6 gxf6 16. b3 Kg7 17. Ne3 Re8 18. Nf5+ Bxf5 19. Bxf5 Re5 20. Bd7 Rb6 21. g3 {½-½ (43) Rapport,R (2726)-Ding,L (2809) Shenzhen 2019}) 10... Re8 11. Qf3 c6 12. Bf4 {The position is equal.} Bd6 13. Bxd6 Qxd6 {[#]} 14. Rad1 $146 ({Predecessor:} 14. Qg3 Qxg3 15. fxg3 Nd7 16. Rfe1 Ne5 17. Na4 Rb8 {½-½ (47) Jones,G (2647)-McShane,L (2685) London 2015}) 14... Be6 15. b3 Qb4 16. Ne2 c5 17. Nf4 Qa5 18. c3 Qb6 19. c4 ({White should play} 19. Rfe1 $14) 19... d4 $11 20. Rfe1 Qd6 21. Nh5 Nxh5 22. Qxh5 g6 23. Qe5 Qxe5 24. Rxe5 Rac8 25. Rde1 Kf8 26. Kf1 a5 27. f4 Bd7 28. f5 $1 Rxe5 29. Rxe5 {[%mdl 4096] Endgame KRB-KRB} a4 30. f6 axb3 31. axb3 Rc6 32. Kg1 h6 33. Re7 (33. Bc2 $11) 33... Bf5 $1 $17 {[%cal Rf5d3]} 34. Bxf5 Rxf6 ({Much worse is} 34... gxf5 $6 35. Re5 $11) 35. Rb7 {Hoping for Bg4.} Rxf5 {KR-KR} 36. b4 Ke8 37. bxc5 Rxc5 38. Rb4 Kd7 39. Kf2 Kc6 40. Ra4 Rf5+ $2 (40... Rg5 $1 $17 {And now ...f6 would win.} 41. g4 Kc5) 41. Ke2 $11 Rg5 {White must now prevent ...Kc5.} 42. g4 h5 43. Ra6+ Kd7 44. Rf6 hxg4 45. hxg4 Rxg4 {aiming for ...Ke7.} 46. Rxf7+ Ke6 47. Rf8 Rg3 48. Rd8 Ke5 49. Kd2 g5 50. c5 Ke4 51. Re8+ $2 {[%mdl 8192]} (51. c6 $11 Rg2+ 52. Kc1) 51... Kd5 $19 52. Rc8 Kc4 $1 53. c6 Rg2+ 54. Ke1 {[#]} Kd3 $1 55. Rg8 {[#]} Rg1+ $1 56. Kf2 Rc1 57. Rxg5 Rxc6 {Black mates.} 58. Rd5 Re6 59. Rd8 Kc3 60. Rc8+ Kd2 61. Kf3 d3 {[%cal Bd4d3,Bd3d2][%mdl 32]} 62. Rd8 Kc2 63. Rc8+ Kd1 64. Rd8 d2 65. Kf2 Rf6+ 66. Kg2 Rf5 {Accuracy: White = 67%, Black = 72%.} 0-1

[Event "SRB-chT Women 1st League 2019"]
[Site "Subotica"]
[Date "2019.08.22"]
[Round "1"]
[White "Belenkaya, Dina"]
[Black "Bojkovic, Natasa"]
[Result "0-1"]
[WhiteElo "2298"]
[BlackElo "2374"]
[Annotator "TA"]
[PlyCount "65"]
[EventDate "2019.08.23"]
[EventType "team-tourn"]
[EventCountry "SRB"]
[SourceTitle "playchess.com"]
[Source "ChessBase"]
[SourceQuality "1"]

{[%evp 15,65,11,19,23,15,9,27,23,23,11,16,6,11,4,9,7,6,4,4,4,9,9,8,0,6,0,53,0,14,-30,-45,-27,-60,-81,-79,-77,-77,-80,-72,-58,-51,-60,38,-134,86,-85,0,-93,-77,-95,-60,-100]} 1. e4 c5 2. Nf3 e6 3. g3 Nc6 4. Bg2 Nf6 5. Nc3 d6 6. O-O Be7 7. d4 cxd4 8. Nxd4 Bd7 9. Re1 {B80: Sicilian Scheveningen: 6 g3 and 6 Be3, including English Attack} (9. Nce2 Nxd4 10. Nxd4 Rc8 11. Qd3 Ng4 12. Qe2 Qb6 13. Qxg4 Qxd4 14. c3 h5 15. Qf3 Qc4 16. Be3 a6 17. Rfc1 {1-0 (65) Oleksienko,M (2615)-Grandelius,N (2653) Germany 2018}) 9... Nxd4 10. Qxd4 Bc6 11. a4 {[%cal Ba2a4,Ba4a5][%mdl 32] White has an edge.} O-O 12. a5 a6 13. h3 Rc8 14. Be3 Qc7 15. Qd2 Nd7 16. f4 Rfe8 17. Red1 {[#]} Red8 $146 ({Predecessor:} 17... h6 18. Kh2 Qb8 19. Na4 Nf6 20. Nc3 Nd7 21. Na4 Nf6 22. Nc3 Nd7 23. Na4 {½-½ (23) Sadykov,R (2207)-Shcherbakov,R (2516) Kazan 2010}) 18. Ra2 h6 19. Kh2 Qb8 20. Na4 Rc7 ({Better is} 20... Nf6 $11) 21. Nb6 ({White should try} 21. Bb6 $14) 21... Nc5 22. Qd4 (22. Bxc5 $5 dxc5 23. Qe2 $11) 22... e5 23. Qc4 Nxe4 24. Nd5 Bxd5 $1 25. Qxd5 Nf6 $36 {[%mdl 2048] Black is on the roll.} 26. Qd3 Rdc8 27. c3 Rc4 28. Qd2 R4c6 ({Black should play} 28... e4 $15) 29. Bf1 $2 {[#]} (29. Bxc6 $14 {stays ahead.} bxc6 30. fxe5 dxe5 31. Qe2) 29... Rc4 $2 (29... exf4 $17 {stays on course.} 30. Bxf4 g5) 30. Bg2 $2 (30. Bxc4 $16 {keeps the pressure on.} Rxc4 31. b3) 30... R4c7 (30... h5 $17 31. Bf1 R4c6) 31. Bf1 (31. Qd3 $11 {remains equal.}) 31... Rd7 32. Ra4 Rc6 33. Bb6 {Accuracy: White = 17%, Black = 35%.} 0-1

[Event "SRB-chT Women 1st League 2019"]
[Site "Subotica"]
[Date "2019.08.22"]
[Round "1"]
[White "Velikic, Adela"]
[Black "Petrovic, Marija"]
[Result "1-0"]
[WhiteElo "2252"]
[BlackElo "1987"]
[Annotator "TA"]
[PlyCount "103"]
[EventDate "2019.08.23"]
[EventType "team-tourn"]
[EventCountry "SRB"]
[SourceTitle "playchess.com"]
[Source "ChessBase"]
[SourceQuality "1"]

{[%evp 9,103,45,86,75,132,126,130,128,128,139,122,127,137,123,157,154,156,147,168,169,237,201,216,193,207,198,201,198,199,185,212,225,215,226,210,213,211,238,236,231,237,225,243,241,233,237,230,191,194,144,235,239,246,241,271,250,239,233,268,261,337,228,331,331,311,324,311,275,246,269,515,497,556,554,537,520,494,501,692,692,617,616,669,681,919,878,856,865,838,837,910,906,894,891,1170,1156]} 1. d4 d5 2. c4 e5 3. dxe5 d4 4. Nf3 Nc6 5. a3 a5 6. Nbd2 {D08: Albin Counter Gambit} Bg4 {[#]} (6... a4 $142) (6... Nge7 7. Nb3 Nf5 8. Bg5 Be7 9. Bxe7 Qxe7 10. Nbxd4 Ncxd4 11. Nxd4 Qxe5 12. e3 O-O 13. Nxf5 Bxf5 {1-0 (37) Riazantsev,A (2646)-Pankov,G (2404) Minsk 2015}) 7. h3 $1 $16 {[%cal Rh3g4]} Bxf3 8. Nxf3 {White is better.} Bc5 9. g3 Nge7 10. Bg2 a4 $146 ({Predecessor:} 10... O-O 11. O-O Ng6 12. e6 fxe6 13. Ng5 Re8 14. Qc2 {½-½ (34) Voloshin,L (2427)-Mudrak,J (2330) Nachod 2013}) 11. h4 O-O 12. h5 h6 13. Bf4 Kh8 14. Qd3 Ng8 (14... f6 $142 15. exf6 Rxf6) 15. Rd1 Qe7 16. Qf5 {Black must now prevent Ng5!} Rfe8 17. O-O Qe6 18. Qxe6 Rxe6 19. Rfe1 Re7 20. e3 dxe3 21. Bxe3 Bxe3 22. Rxe3 ({Less strong is} 22. fxe3 Rae8 $14) 22... Rae8 23. Rd5 Ra8 24. Nh4 Na5 25. Bf1 c6 26. Rd6 Nb3 27. Nf5 Rc7 28. e6 fxe6 29. Rdxe6 Nc5 (29... Rd8 $16 {was necessary.} 30. Re8 Rcc8) 30. R6e5 $18 b6 31. Re8 Rcc8 32. Rxc8 Rxc8 33. Bg2 Rf8 34. Nh4 Rc8 35. Ng6+ Kh7 36. Bh3 Rd8 37. Bf5 Nf6 38. Re7 Kg8 39. g4 Nd3 $2 (39... Nfd7 {is a better defense.} 40. Kf1 b5) 40. Rb7 {White is clearly winning.} Nxb2 41. Rxb6 Nd1 42. Rxc6 Nc3 43. c5 Ne2+ 44. Kg2 Nd4 45. Ra6 Nxf5 46. gxf5 Nxh5 {[%mdl 4096] Endgame KRN-KRN} 47. c6 {Threatens to win with c7.} Kf7 48. Ra7+ Kf6 49. c7 Rc8 50. Kf3 Kf7 51. Ne5+ Ke7 {[#]} 52. Nc4 $1 {Accuracy: White = 87%, Black = 40%.} 1-0

[Event "SRB-chT Women 1st League 2019"]
[Site "Subotica"]
[Date "2019.08.22"]
[Round "1"]
[White "Injac, Teodora"]
[Black "Drljevic, Ljilja"]
[Result "0-1"]
[WhiteElo "2223"]
[BlackElo "2162"]
[Annotator "TA"]
[PlyCount "52"]
[EventDate "2019.08.23"]
[EventType "team-tourn"]
[EventCountry "SRB"]
[SourceTitle "playchess.com"]
[Source "ChessBase"]
[SourceQuality "1"]

{[%evp 16,52,66,28,37,52,40,33,29,9,44,20,47,41,57,50,52,55,67,60,93,60,86,24,13,0,4,-96,-108,-118,-168,-820,-766,-793,-577,-2098,-2077,-29998,-29999]} 1. d4 d6 2. Nf3 Nf6 3. c4 g6 4. Nc3 Bg7 5. e4 O-O 6. Be2 e5 7. O-O Nc6 8. d5 Ne7 9. Kh1 a5 $146 {E97: King's Indian: Classical Main Line (6...e5 7 0-0 Nc6): 8 Be3 and 8 d5 Ne7, not 9 Ne1} (9... Ne8 10. Ne1 f5 11. exf5 Nxf5 12. Bd3 Nf6 13. Nc2 Bd7 14. Bg5 h6 15. Bd2 Qe7 16. Qe2 Rae8 17. Rae1 Qd8 {1-0 (34) Nakamura,H (2760)-Radjabov,T (2793) Beijing 2012}) 10. Ne1 Nd7 11. Nd3 f5 {White is slightly better.} 12. Bd2 Kh8 13. Rc1 b6 14. f3 f4 15. a3 {[%cal Ba2a3,Ba3b4][%mdl 32]} g5 16. b4 axb4 17. axb4 Rf6 18. Be1 Rh6 19. Bf2 (19. Ra1 $16 Ba6 20. Qb3) 19... Nf6 $1 $11 20. Re1 Qe8 21. Nb5 {[#]} (21. h3 $11) 21... Qh5 $1 $17 {[%csl Gh6][%cal Rh5h2][%mdl 512]} 22. Bg1 {[#]} Qh4 $1 $40 {[%mdl 128] aiming for ...Nh5. Black is out for blood.} 23. Bf1 $2 (23. Nf2 Nh5 24. h3) 23... Nh5 $19 {[%csl Gf4,Gh4][%cal Rh5g3]} 24. g4 fxg3 {Strongly threatening ...g2+.} 25. Bg2 gxh2 {[%cal Rh5g3]} 26. Bf2 {[#]} Qxf2 $1 {[%mdl 576] Remove Defender. Accuracy: White = 33%, Black = 56%.} 0-1

[Event "SRB-chT Women 1st League 2019"]
[Site "Subotica"]
[Date "2019.08.22"]
[Round "1"]
[White "Djukic, Sandra"]
[Black "Petronic, Sanja"]
[Result "1-0"]
[WhiteElo "2179"]
[BlackElo "2205"]
[Annotator "TA"]
[PlyCount "79"]
[EventDate "2019.08.23"]
[EventType "team-tourn"]
[EventCountry "SRB"]
[SourceTitle "playchess.com"]
[Source "ChessBase"]
[SourceQuality "1"]

{[%evp 9,83,19,45,53,49,33,38,40,37,35,34,35,36,36,40,33,29,0,35,31,35,33,43,34,40,19,62,54,58,50,44,47,62,55,59,34,39,2,47,35,40,43,67,0,69,0,0,0,41,6,199,210,194,209,213,204,262,125,188,207,429,459,401,270,265,191,972,971,897,903,1000,558,1421,1181,1391,-131]} 1. d4 Nf6 2. c4 c5 3. d5 b5 4. Qc2 bxc4 5. e4 Ba6 (5... d6 6. Bxc4 g6 7. Nc3 Bg7 8. Nf3 Nbd7 9. h3 O-O 10. O-O Rb8 11. Re1 Nh5 12. Be2 Ne5 13. Nxe5 Bxe5 14. Bxh5 gxh5 15. Bh6 Re8 16. Qd2 Kh8 17. Bf4 Bd4 18. Be3 {0-1 (63) Dreev,A (2644)-Perunovic,M (2622) Berlin 2015}) 6. Nf3 {A57: Benko/Volga Gambit} g6 7. Bxc4 Bxc4 8. Qxc4 {Hoping for e5.White is slightly better.} d6 9. Bd2 $146 ({Predecessor:} 9. Nc3 Nbd7 10. Bg5 Bg7 11. O-O O-O 12. h3 Rb8 13. Rab1 Rb4 {½-½ (33) Mercadal Benejam,J (2519)-Benz,G (2501) Argentina 2001}) 9... Nbd7 10. O-O Nb6 11. Qc2 Bg7 12. h3 O-O 13. Bc3 Qd7 14. a4 Rab8 15. Nbd2 Rfc8 16. b3 Qb7 17. Rfe1 Nbd7 18. Rab1 Ne8 19. Bxg7 Nxg7 20. Nc4 {[%cal Bd2c4,Bc4a3,Ba3c2,Bc2e3][%mdl 32]} Qc7 21. Qd2 Rb4 22. Qh6 f6 23. Nfd2 (23. Qe3 {keeps more tension.} Rf8 24. Nfd2 e6 25. dxe6 Nxe6 26. Qg3) 23... Rf8 24. Qe3 Ne5 25. Na3 g5 26. g3 ({White should try} 26. Ndc4 $14) 26... Qd7 ({Black should play} 26... e6 $11) 27. Kg2 (27. f4 $14 Nf7 28. f5) 27... g4 $11 28. hxg4 Qxg4 29. Rh1 {White wants to play f3.} Ng6 $2 {[#]} (29... Qg6 $11 {and Black has nothing to worry.}) 30. Nc2 $1 $18 {[%cal Rc2b4]} Rb7 31. Qh6 {aiming for Ne3.} Kf7 32. Ne3 ({Don't blunder} 32. Qxh7 $2 Rh8 $19) 32... Qd7 33. Nf3 (33. Ndc4 $18 {has better winning chances.}) 33... Rh8 (33... Rb4 $16 {keeps fighting.}) 34. Nh4 {[#] Threatens to win with Nxg6.} Nxh4+ $2 (34... Rbb8 {was called for.} 35. f4 e6) 35. Rxh4 ({Not} 35. gxh4 e6 $18) 35... Rbb8 36. Rbh1 Rbg8 37. Qf4 Qb7 $2 (37... h5 38. Nc4 Rb8) 38. Rxh7 {White is clearly winning.} Rxh7 39. Rxh7 Kf8 40. Ng4 {Played: Qf4-h6} 1-0

[Event "SRB-chT Women 1st League 2019"]
[Site "Subotica"]
[Date "2019.08.22"]
[Round "1"]
[White "Zarkovic, Mila"]
[Black "Miladinovic, Lena"]
[Result "1-0"]
[WhiteElo "2141"]
[BlackElo "2119"]
[Annotator "TA"]
[PlyCount "36"]
[EventDate "2019.08.23"]
[EventType "team-tourn"]
[EventCountry "SRB"]
[SourceTitle "playchess.com"]
[Source "ChessBase"]
[SourceQuality "1"]

{[%evp 20,36,16,23,41,7,0,0,0,-18,-10,-27,-5,-14,36,25,24,13,1297]} 1. e4 c5 2. Nf3 e6 3. d4 cxd4 4. Nxd4 Nf6 5. Nc3 d6 6. g4 h6 7. h3 ({Predecessor:} 7. Bg2 Be7 8. Be3 Nc6 9. h3 Bd7 10. O-O a6 11. f4 {½-½ (32) Bouwmeester,H-Ree,H The Hague 1967}) 7... a6 8. Bg2 Be7 9. Be3 Nc6 10. O-O Qc7 11. f4 Bd7 $146 {B81: Sicilian Scheveningen: Keres Attack} (11... Nxd4 12. Qxd4 e5 13. Qd2 exf4 14. Rxf4 Be6 15. Raf1 O-O 16. Rxf6 Bxf6 17. Rxf6 gxf6 18. Qf2 Kg7 19. e5 fxe5 20. Bxh6+ Kg6 21. Qh4 {1-0 (21) Timman,J (2635)-Van Wely,L (2605) Breda 1998}) 12. Qf3 Nxd4 13. Bxd4 e5 14. Be3 {[#] Strongly threatening g5.} exf4 15. Qxf4 {And now Nd5 would win.} O-O 16. Bd4 Qa5 17. e5 dxe5 18. Qxe5 Bc6 $2 {[%mdl 8192]} (18... Qxe5 $11 19. Bxe5 Bc6) 1-0

[Event "SRB-chT Women 1st League 2019"]
[Site "Subotica"]
[Date "2019.08.22"]
[Round "1"]
[White "Urosevic, Marija"]
[Black "Eric, Jovana"]
[Result "0-1"]
[WhiteElo "2064"]
[BlackElo "2270"]
[Annotator "TA"]
[PlyCount "52"]
[EventDate "2019.08.23"]
[EventType "team-tourn"]
[EventCountry "SRB"]
[SourceTitle "playchess.com"]
[Source "ChessBase"]
[SourceQuality "1"]

{[%evp 20,52,20,6,16,-39,-11,-101,-101,-98,-100,-160,-167,-177,-106,-120,-107,-102,-99,-108,-108,-108,-110,-131,-87,-89,-89,-446,-446,-446,-446,-441,-433,-417,-416]} 1. d4 e6 2. c4 f5 3. g3 Nf6 4. Bg2 d5 5. Nf3 c6 6. Nbd2 Bd6 7. O-O O-O 8. b3 b6 9. Bb2 Bb7 10. Ne5 Qe7 11. Nd3 Nbd7 {A90: Dutch Defence: Miscellaneous and Modern Stonewall (with ...Bd6)} 12. f3 $146 ({White should play} 12. e3 $11) ({Predecessor:} 12. Rc1 c5 13. e3 Ne4 14. Qe2 Ndf6 15. Nf3 Rad8 {0-1 (41) Vidit,S (2689)-Bosiocic,M (2591) Doha 2016}) 12... c5 13. e4 (13. e3 $11) 13... dxe4 {Black is better.} 14. fxe4 Nxe4 15. Re1 ({White should try} 15. Nxe4 Bxe4 16. Bxe4 fxe4 17. Nf2) 15... Ndf6 $17 16. Nxe4 Bxe4 ({But not} 16... fxe4 17. dxc5 Bxc5+ 18. Nxc5 $17) (16... Nxe4 $19 17. dxc5 Nxc5 18. Bxb7 Qxb7) 17. dxc5 Bxc5+ ({Don't play} 17... bxc5 $6 18. Bxf6 Qxf6 19. Bxe4 $11) 18. Nxc5 Qxc5+ 19. Bd4 Qc6 20. Bxf6 {[#] Bxe4 is the strong threat.} Bxg2 21. Be7 Rfe8 22. Qd6 Kf7 $40 {[%mdl 128] Black goes for the king.} 23. Rxe6 $2 {[%mdl 8192]} (23. Qxc6 $17 {is tougher.} Bxc6 24. Bb4) 23... Qxd6 $19 {[%mdl 64] [#] Overworked Piece} 24. Rxd6 Kxe7 25. Rad1 Be4 26. Rd7+ Kf8 {Accuracy: White = 29%, Black = 63%.} 0-1